<?xml version="1.0" encoding="UTF-8"?><?xml-stylesheet type="text/xsl" href="static/style.xsl"?><OAI-PMH xmlns="http://www.openarchives.org/OAI/2.0/" xmlns:xsi="http://www.w3.org/2001/XMLSchema-instance" xsi:schemaLocation="http://www.openarchives.org/OAI/2.0/ http://www.openarchives.org/OAI/2.0/OAI-PMH.xsd"><responseDate>2026-04-17T04:23:23Z</responseDate><request verb="GetRecord" identifier="oai:www.recercat.cat:2445/135217" metadataPrefix="marc">https://recercat.cat/oai/request</request><GetRecord><record><header><identifier>oai:recercat.cat:2445/135217</identifier><datestamp>2025-12-05T13:18:42Z</datestamp><setSpec>com_2072_1057</setSpec><setSpec>col_2072_478798</setSpec><setSpec>col_2072_478917</setSpec></header><metadata><record xmlns="http://www.loc.gov/MARC21/slim" xmlns:dcterms="http://purl.org/dc/terms/" xmlns:xsi="http://www.w3.org/2001/XMLSchema-instance" xmlns:doc="http://www.lyncode.com/xoai" xsi:schemaLocation="http://www.loc.gov/MARC21/slim http://www.loc.gov/standards/marcxml/schema/MARC21slim.xsd">
   <leader>00925njm 22002777a 4500</leader>
   <datafield ind2=" " ind1=" " tag="042">
      <subfield code="a">dc</subfield>
   </datafield>
   <datafield ind2=" " ind1=" " tag="720">
      <subfield code="a">Jato-de Evan, Mario</subfield>
      <subfield code="e">author</subfield>
   </datafield>
   <datafield ind2=" " ind1=" " tag="720">
      <subfield code="a">Rubio Borrego, Francisco Ramón</subfield>
      <subfield code="e">author</subfield>
   </datafield>
   <datafield ind2=" " ind1=" " tag="260">
      <subfield code="c">2019-06-17T17:12:43Z</subfield>
   </datafield>
   <datafield ind2=" " ind1=" " tag="260">
      <subfield code="c">2019-06-17T17:12:43Z</subfield>
   </datafield>
   <datafield ind2=" " ind1=" " tag="260">
      <subfield code="c">1998-10-01</subfield>
   </datafield>
   <datafield ind2=" " ind1=" " tag="260">
      <subfield code="c">2019-06-17T17:12:43Z</subfield>
   </datafield>
   <datafield ind2=" " ind1=" " tag="520">
      <subfield code="a">Introducción: los hematomas bulbares puros son poco frecuentes (0,25-0,50 del total de hematomas intraparenquimatosos), probablemente como consecuencia de las particularidades anatómicas y hemodinámicas de la circulación bulbar. Casos clínicos. Hemos seleccionado 18 casos, 3 de ellos propios, en los que la localización exclusivamente bulbar estaba asegurada por la neuroimagen, hallazgos quirúrgicos o necrópsicos. Su aparición se relaciona con HTA, tratamiento anticoagulante y malformaciones vasculares evidentes o crípticas, aunque en un porcentaje destacable (39%) no se encontró causa alguna. A pesar de la menor importancia de la HTA en su etiopatogenia en relación con otras localizaciones de hemorragia intraparenquimatosa, 7 de los pacientes eran hipertensos. Los hallazgos clínicos más frecuentes fueron nistagmus (72%), y disfagia y parálisis del hipogloso (61%). La localización más común fue la posterior. La arteriografía mostró una escasa rentabilidad puesto que fue normal en todos los casos en que se practicó (72%). La existencia de malformaciones angiográficamente ocultas hace aconsejable la realización de RM y su repetición una vez superada la fase aguda. Las tres cuartas partes de los pacientes recibieron tratamiento médico. La mortalidad (22%) fue menor que la de los hematomas de fosa posterior en conjunto, y mejor su pronóstico puesto que entre los supervivientes no se registraron secuelas incapacitantes. Conclusión: la peculiar etiopatogenia, clínica y evolución de los hematomas bulbares hace aconsejable un estudio diferenciado respecto a las restantes hemorragias intracerebrales.</subfield>
   </datafield>
   <datafield tag="653" ind2=" " ind1=" ">
      <subfield code="a">Hemorràgia</subfield>
   </datafield>
   <datafield tag="653" ind2=" " ind1=" ">
      <subfield code="a">Cervell</subfield>
   </datafield>
   <datafield tag="653" ind2=" " ind1=" ">
      <subfield code="a">Medul·la espinal</subfield>
   </datafield>
   <datafield tag="653" ind2=" " ind1=" ">
      <subfield code="a">Hipertensió</subfield>
   </datafield>
   <datafield tag="653" ind2=" " ind1=" ">
      <subfield code="a">Artèries</subfield>
   </datafield>
   <datafield tag="653" ind2=" " ind1=" ">
      <subfield code="a">Hemorrhage</subfield>
   </datafield>
   <datafield tag="653" ind2=" " ind1=" ">
      <subfield code="a">Brain</subfield>
   </datafield>
   <datafield tag="653" ind2=" " ind1=" ">
      <subfield code="a">Spinal cord</subfield>
   </datafield>
   <datafield tag="653" ind2=" " ind1=" ">
      <subfield code="a">Hypertension</subfield>
   </datafield>
   <datafield tag="653" ind2=" " ind1=" ">
      <subfield code="a">Arteries</subfield>
   </datafield>
   <datafield ind2="0" ind1="0" tag="245">
      <subfield code="a">Hematomas bulbares puros</subfield>
   </datafield>
   <datafield ind2="0" ind1="0" tag="245">
      <subfield code="a">Purely bulbar hematomas</subfield>
   </datafield>
</record></metadata></record></GetRecord></OAI-PMH>